<?xml version="1.0" encoding="UTF-8"?>
<record
    xmlns:xsi="http://www.w3.org/2001/XMLSchema-instance"
    xsi:schemaLocation="http://www.loc.gov/MARC21/slim http://www.loc.gov/standards/marcxml/schema/MARC21slim.xsd"
    xmlns="http://www.loc.gov/MARC21/slim">

  <leader>03073cam a22005894i 4500</leader>
  <controlfield tag="003">PE-LiUPU</controlfield>
  <controlfield tag="005">20250731165441.0</controlfield>
  <controlfield tag="008">160125s2015    ck a    rb    000 0 spa d</controlfield>
  <datafield tag="020" ind1=" " ind2=" ">
    <subfield code="a">9588722918</subfield>
  </datafield>
  <datafield tag="020" ind1=" " ind2=" ">
    <subfield code="a">9789588722917</subfield>
  </datafield>
  <datafield tag="035" ind1=" " ind2=" ">
    <subfield code="a">(Sirsi) i9789588722917</subfield>
  </datafield>
  <datafield tag="040" ind1=" " ind2=" ">
    <subfield code="a">GBVCP</subfield>
    <subfield code="b">spa</subfield>
    <subfield code="e">rakwb</subfield>
    <subfield code="c">GBVCP</subfield>
    <subfield code="d">OCLCQ</subfield>
    <subfield code="d">PE-LiUPU</subfield>
    <subfield code="e">rda</subfield>
  </datafield>
  <datafield tag="082" ind1="0" ind2="4">
    <subfield code="a">001.42</subfield>
    <subfield code="b">C78</subfield>
    <subfield code="2">20</subfield>
  </datafield>
  <datafield tag="100" ind1="1" ind2=" ">
    <subfield code="a">Correa Restrepo, Juan Santiago,</subfield>
    <subfield code="e">autor.</subfield>
  </datafield>
  <datafield tag="245" ind1="1" ind2="0">
    <subfield code="a">Escritura e investigaci&#xF3;n acad&#xE9;mica :</subfield>
    <subfield code="b">una gu&#xED;a para la elaboraci&#xF3;n del trabajo de grado /</subfield>
    <subfield code="c">Juan Santiago Correa R., Javier H. Murillo O.</subfield>
  </datafield>
  <datafield tag="250" ind1=" " ind2=" ">
    <subfield code="a">2a edici&#xF3;n.</subfield>
  </datafield>
  <datafield tag="264" ind1="3" ind2=" ">
    <subfield code="a">Bogot&#xE1; :</subfield>
    <subfield code="b">Editorial CESA, Colegio de Estudios Superiores de Administraci&#xF3;n,</subfield>
    <subfield code="c">2015.</subfield>
  </datafield>
  <datafield tag="300" ind1=" " ind2=" ">
    <subfield code="a">175 p&#xE1;ginas :</subfield>
    <subfield code="b">ilustraciones ;</subfield>
    <subfield code="c">24 cent&#xED;metros</subfield>
  </datafield>
  <datafield tag="336" ind1=" " ind2=" ">
    <subfield code="a">text</subfield>
    <subfield code="2">rdacontent</subfield>
  </datafield>
  <datafield tag="337" ind1=" " ind2=" ">
    <subfield code="a">unmediated</subfield>
    <subfield code="2">rdamedia</subfield>
  </datafield>
  <datafield tag="338" ind1=" " ind2=" ">
    <subfield code="a">volume</subfield>
    <subfield code="2">rdacarrier</subfield>
  </datafield>
  <datafield tag="504" ind1=" " ind2=" ">
    <subfield code="a">Bibliograf&#xED;a : p&#xE1;ginas 123-125.</subfield>
  </datafield>
  <datafield tag="505" ind1="0" ind2=" ">
    <subfield code="a">Introducci&#xF3;n: La investigaci&#xF3;n y su prop&#xF3;sito en la academia -- El proyecto de investigaci&#xF3;n acad&#xE9;mica -- Planeaci&#xF3;n y escritura del trabajo de grado -- El tema de investigaci&#xF3;n -- Estado del arte -- Marco te&#xF3;rico -- Metodolog&#xED;a y tipos de investigaci&#xF3;n -- Escribir acad&#xE9;micamente -- Escribir antes de escribir -- Las citas y sus referencias -- Acerca de la estructura y la puntuaci&#xF3;n -- Los diferentes documentos en una investigaci&#xF3;n y el papel del director -- El punto cero: la idea de investigaci&#xF3;n -- El anteproyecto -- El informe final -- &#xBF;D&#xF3;nde publicar? -- Respecto a la autor&#xED;a de un texto.</subfield>
  </datafield>
  <datafield tag="526" ind1=" " ind2=" ">
    <subfield code="a">SEG44</subfield>
  </datafield>
  <datafield tag="526" ind1=" " ind2=" ">
    <subfield code="a">SEG26</subfield>
  </datafield>
  <datafield tag="526" ind1=" " ind2=" ">
    <subfield code="a">P151</subfield>
  </datafield>
  <datafield tag="526" ind1=" " ind2=" ">
    <subfield code="a">P150</subfield>
  </datafield>
  <datafield tag="526" ind1=" " ind2=" ">
    <subfield code="a">P149</subfield>
  </datafield>
  <datafield tag="526" ind1=" " ind2=" ">
    <subfield code="a">P146</subfield>
  </datafield>
  <datafield tag="526" ind1=" " ind2=" ">
    <subfield code="a">P145</subfield>
  </datafield>
  <datafield tag="526" ind1=" " ind2=" ">
    <subfield code="a">P126</subfield>
  </datafield>
  <datafield tag="526" ind1=" " ind2=" ">
    <subfield code="a">P125</subfield>
  </datafield>
  <datafield tag="526" ind1=" " ind2=" ">
    <subfield code="a">P92</subfield>
  </datafield>
  <datafield tag="526" ind1=" " ind2=" ">
    <subfield code="a">P75</subfield>
  </datafield>
  <datafield tag="526" ind1=" " ind2=" ">
    <subfield code="a">P74</subfield>
  </datafield>
  <datafield tag="526" ind1=" " ind2=" ">
    <subfield code="a">P27</subfield>
  </datafield>
  <datafield tag="526" ind1=" " ind2=" ">
    <subfield code="a">P15</subfield>
  </datafield>
  <datafield tag="541" ind1=" " ind2=" ">
    <subfield code="g">0300020068;</subfield>
  </datafield>
  <datafield tag="541" ind1=" " ind2=" ">
    <subfield code="g">001-003607;</subfield>
  </datafield>
  <datafield tag="650" ind1=" " ind2="4">
    <subfield code="a">Escritura acad&#xE9;mica</subfield>
    <subfield code="x">Estudio y ense&#xF1;anza</subfield>
  </datafield>
  <datafield tag="650" ind1=" " ind2="4">
    <subfield code="a">Investigaci&#xF3;n.</subfield>
  </datafield>
  <datafield tag="700" ind1="1" ind2=" ">
    <subfield code="a">Murillo O., Javier H.,</subfield>
    <subfield code="e">autor.</subfield>
  </datafield>
  <datafield tag="910" ind1=" " ind2=" ">
    <subfield code="a">jck</subfield>
    <subfield code="b">ebj</subfield>
    <subfield code="c">ebj</subfield>
    <subfield code="d">20160704</subfield>
  </datafield>
  <datafield tag="910" ind1=" " ind2=" ">
    <subfield code="a">dbm</subfield>
    <subfield code="b">ncf</subfield>
    <subfield code="c">ncf</subfield>
    <subfield code="d">20180709</subfield>
  </datafield>
  <datafield tag="942" ind1=" " ind2=" ">
    <subfield code="2">ddc</subfield>
    <subfield code="c">BOOK</subfield>
  </datafield>
  <datafield tag="949" ind1=" " ind2=" ">
    <subfield code="a">001.42 C78</subfield>
    <subfield code="w">DEWEY</subfield>
    <subfield code="c">1</subfield>
    <subfield code="i">73828</subfield>
    <subfield code="d">2016-9-26</subfield>
    <subfield code="e">2016-9-20</subfield>
    <subfield code="l">CCODEBUL1</subfield>
    <subfield code="m">BUL</subfield>
    <subfield code="n">1</subfield>
    <subfield code="p">7.55</subfield>
    <subfield code="r">0</subfield>
    <subfield code="s">Y</subfield>
    <subfield code="t">BOOK</subfield>
    <subfield code="u">2016-7-4</subfield>
    <subfield code="x">EDUCACION</subfield>
    <subfield code="0">COMPRA</subfield>
    <subfield code="o">.STAFF. Posgrado</subfield>
  </datafield>
  <datafield tag="994" ind1=" " ind2=" ">
    <subfield code="a">C0</subfield>
    <subfield code="b">PEPRU</subfield>
  </datafield>
  <datafield tag="596" ind1=" " ind2=" ">
    <subfield code="a">1</subfield>
  </datafield>
  <datafield tag="999" ind1=" " ind2=" ">
    <subfield code="a">001.42 C78</subfield>
    <subfield code="w">DEWEY</subfield>
    <subfield code="c">10345</subfield>
    <subfield code="i">73828</subfield>
    <subfield code="d">10345</subfield>
    <subfield code="e">2016-9-20</subfield>
    <subfield code="f">2021-11-4</subfield>
    <subfield code="g">5</subfield>
    <subfield code="l">CCODEBUL1</subfield>
    <subfield code="m">BUL</subfield>
    <subfield code="n">1</subfield>
    <subfield code="p">7.55</subfield>
    <subfield code="q">2</subfield>
    <subfield code="r">0</subfield>
    <subfield code="s">Y</subfield>
    <subfield code="t">BOOK</subfield>
    <subfield code="u">2016-7-4</subfield>
    <subfield code="x">BIBLIOTECA</subfield>
    <subfield code="P">P14</subfield>
    <subfield code="0">COMPRA</subfield>
    <subfield code="o">.STAFF. Posgrado</subfield>
  </datafield>
  <datafield tag="999" ind1=" " ind2=" ">
    <subfield code="a">001.42 C78</subfield>
    <subfield code="w">DEWEY</subfield>
    <subfield code="c">2</subfield>
    <subfield code="i">78970</subfield>
    <subfield code="f">2021-11-4</subfield>
    <subfield code="g">4</subfield>
    <subfield code="l">CCODEBUL1</subfield>
    <subfield code="m">BUL</subfield>
    <subfield code="p">22.84</subfield>
    <subfield code="r">0</subfield>
    <subfield code="s">Y</subfield>
    <subfield code="t">BOOK</subfield>
    <subfield code="u">2018-7-9</subfield>
    <subfield code="x">BIBLIOTECA</subfield>
    <subfield code="P">P20</subfield>
    <subfield code="0">COMPRA</subfield>
    <subfield code="1">FCOMPRA</subfield>
    <subfield code="o">.STAFF. Colecci&#xF3;n Ciencias Humanas y Educaci&#xF3;n</subfield>
  </datafield>
  <datafield tag="999" ind1=" " ind2=" ">
    <subfield code="a">001.42 C78</subfield>
    <subfield code="w">DEWEY</subfield>
    <subfield code="c">3</subfield>
    <subfield code="i">78971</subfield>
    <subfield code="d">2018-10-29</subfield>
    <subfield code="e">2018-10-25</subfield>
    <subfield code="f">2021-11-4</subfield>
    <subfield code="g">4</subfield>
    <subfield code="l">CCODEBUL1</subfield>
    <subfield code="m">BUL</subfield>
    <subfield code="n">4</subfield>
    <subfield code="p">22.84</subfield>
    <subfield code="r">0</subfield>
    <subfield code="s">Y</subfield>
    <subfield code="t">BOOK</subfield>
    <subfield code="u">2018-7-9</subfield>
    <subfield code="x">BIBLIOTECA</subfield>
    <subfield code="P">P20</subfield>
    <subfield code="0">COMPRA</subfield>
    <subfield code="1">FCOMPRA</subfield>
    <subfield code="o">.STAFF. Colecci&#xF3;n Ciencias Humanas y Educaci&#xF3;n</subfield>
  </datafield>
  <datafield tag="980" ind1=" " ind2=" ">
    <subfield code="8">1</subfield>
    <subfield code="g">ALBERTO SANCHEZ Responsable de Automatizaci&#xF3;n</subfield>
  </datafield>
  <datafield tag="952" ind1=" " ind2=" ">
    <subfield code="r">2025-12-02 00:00:00</subfield>
    <subfield code="i">6</subfield>
    <subfield code="l">1</subfield>
    <subfield code="o">001.42 C78</subfield>
    <subfield code="p">73828</subfield>
    <subfield code="s">2016-09-20</subfield>
    <subfield code="t">e1</subfield>
    <subfield code="v">12.55</subfield>
    <subfield code="w">2016-07-04</subfield>
    <subfield code="x">FACIHED</subfield>
    <subfield code="y">BK</subfield>
    <subfield code="z">inventario-2023-12-13</subfield>
    <subfield code="1">0</subfield>
    <subfield code="2">ddc</subfield>
    <subfield code="5">0</subfield>
    <subfield code="7">0</subfield>
    <subfield code="8">GEN</subfield>
    <subfield code="f">P14</subfield>
    <subfield code="a">BUL</subfield>
    <subfield code="b">BUL</subfield>
    <subfield code="c">GEN</subfield>
    <subfield code="d">2016-07-04</subfield>
    <subfield code="e">COMPRA</subfield>
    <subfield code="g">7.55</subfield>
  </datafield>
  <datafield tag="952" ind1=" " ind2=" ">
    <subfield code="r">2025-12-02 00:00:00</subfield>
    <subfield code="i">5</subfield>
    <subfield code="l">4</subfield>
    <subfield code="o">001.42 C78</subfield>
    <subfield code="p">78970</subfield>
    <subfield code="s">2018-10-25</subfield>
    <subfield code="t">e2</subfield>
    <subfield code="v">27.84</subfield>
    <subfield code="w">2018-07-09</subfield>
    <subfield code="x">FACIHED</subfield>
    <subfield code="y">BK</subfield>
    <subfield code="z">inventario-2023-12-13</subfield>
    <subfield code="1">0</subfield>
    <subfield code="2">ddc</subfield>
    <subfield code="5">0</subfield>
    <subfield code="7">0</subfield>
    <subfield code="8">GEN</subfield>
    <subfield code="f">P14</subfield>
    <subfield code="a">BUL</subfield>
    <subfield code="b">BUL</subfield>
    <subfield code="c">GEN</subfield>
    <subfield code="d">2018-07-09</subfield>
    <subfield code="e">COMPRA</subfield>
    <subfield code="g">22.84</subfield>
  </datafield>
  <datafield tag="952" ind1=" " ind2=" ">
    <subfield code="r">2025-12-02 00:00:00</subfield>
    <subfield code="i">5</subfield>
    <subfield code="l">0</subfield>
    <subfield code="o">001.42 C78</subfield>
    <subfield code="p">78971</subfield>
    <subfield code="t">e3</subfield>
    <subfield code="v">27.84</subfield>
    <subfield code="w">2018-07-09</subfield>
    <subfield code="x">FACIHED</subfield>
    <subfield code="y">BK</subfield>
    <subfield code="z">inventario-2023-12-13</subfield>
    <subfield code="1">0</subfield>
    <subfield code="2">ddc</subfield>
    <subfield code="5">0</subfield>
    <subfield code="7">0</subfield>
    <subfield code="8">GEN</subfield>
    <subfield code="f">P14</subfield>
    <subfield code="a">BUL</subfield>
    <subfield code="b">BUL</subfield>
    <subfield code="c">GEN</subfield>
    <subfield code="d">2018-07-09</subfield>
    <subfield code="e">COMPRA</subfield>
    <subfield code="g">22.84</subfield>
  </datafield>
</record>
